[Event "DVM U14 2023"]
[Site "Magdeburg GER"]
[Date "2023.12.28"]
[Round "3"]
[White "Neuber, Felix"]
[Black "Wolf, Noah"]
[Result "1/2-1/2"]
[Termination "normal"]
[Board "7.4"]
[WhiteElo "1417"]
[BlackElo "1364"]
[WhiteClock "00:10:33"]
[BlackClock "01:36:49"]
[WhiteTeam "USV Halle"]
[BlackTeam "Vorwärts Orient Mainz"]
[PlyCount "175"]
[WhiteFideId "34617981"]
[BlackFideId "34616985"]
[EventCountry "GER"]
[EventRounds "7"]
[EventType "team-swiss"]
[EventDate "2023.12.26"]

1. e4 {[%clk 01:30:56]} {[%emt 13:05:29]} c5 {[%clk 01:30:53]} {[%emt
00:00:09]} 2. Nf3 {[%clk 01:31:18]} {[%emt 00:00:07]} Nc6 {[%clk 01:31:08]}
{[%emt 00:00:15]} 3. d4 {[%clk 01:31:44]} {[%emt 00:00:05]} cxd4 {[%clk
01:31:27]} {[%emt 00:00:11]} 4. Nxd4 {[%clk 01:32:07]} {[%emt 00:00:06]} g6
{[%clk 01:31:44]} {[%emt 00:00:12]} 5. Nc3 {[%clk 01:32:23]} {[%emt 00:00:15]}
Bg7 {[%clk 01:32:06]} {[%emt 00:00:08]} 6. Be3 {[%clk 01:32:42]} {[%emt
00:00:11]} Nf6 {[%clk 01:32:29]} {[%emt 00:00:06]} 7. f3 {[%clk 01:33:02]}
{[%emt 00:00:11]} O-O {[%clk 01:32:34]} {[%emt 00:00:24]} 8. Bc4 {[%clk
01:33:25]} {[%emt 00:00:08]} Qb6 {[%clk 01:32:45]} {[%emt 00:00:19]} 9. Bb3
{[%clk 01:12:03]} {[%emt 00:21:52]} Nxe4 {[%clk 01:32:23]} {[%emt 00:00:52]}
10. Nxe4 {[%clk 00:54:07]} {[%emt 00:18:27]} Nxd4 {[%clk 01:32:39]} {[%emt
00:00:14]} 11. c3 {[%clk 00:51:34]} {[%emt 00:03:03]} Nc2+ {[%clk 01:33:02]}
{[%emt 00:00:06]} 12. Qxc2 {[%clk 00:51:29]} {[%emt 00:00:36]} Qxe3+ {[%clk
01:33:27]} {[%emt 00:00:05]} 13. Qe2 {[%clk 00:50:23]} {[%emt 00:02:25]} Qb6
{[%clk 01:34:55]} {[%emt 00:00:47]} 14. Qf2 {[%clk 00:48:54]} {[%emt 00:02:00]}
Qb5 {[%clk 01:34:01]} {[%emt 00:01:24]} 15. Qe2 {[%clk 00:48:25]} {[%emt
00:00:59]} Qxe2+ {[%clk 01:33:42]} {[%emt 00:00:49]} 16. Kxe2 {[%clk 00:48:46]}
{[%emt 00:00:09]} Kh8 {[%clk 01:32:53]} {[%emt 00:01:19]} 17. Ng5 {[%clk
00:46:43]} {[%emt 00:02:34]} e6 {[%clk 01:32:51]} {[%emt 00:00:32]} 18. h4
{[%clk 00:44:01]} {[%emt 00:03:12]} d5 {[%clk 01:31:48]} {[%emt 00:01:33]} 19.
h5 {[%clk 00:37:37]} {[%emt 00:06:54]} h6 {[%clk 01:30:16]} {[%emt 00:02:02]}
20. hxg6 {[%clk 00:37:12]} {[%emt 00:00:55]} fxg6 {[%clk 01:30:38]} {[%emt
00:00:08]} 21. Bc2 {[%clk 00:36:12]} {[%emt 00:01:30]} Kg8 {[%clk 01:29:55]}
{[%emt 00:01:12]} 22. Nh3 {[%clk 00:34:16]} {[%emt 00:02:27]} Rf6 {[%clk
01:29:35]} {[%emt 00:00:48]} 23. Nf2 {[%clk 00:33:37]} {[%emt 00:01:11]} e5
{[%clk 01:28:15]} {[%emt 00:01:50]} 24. g4 {[%clk 00:29:34]} {[%emt 00:04:33]}
Rd6 {[%clk 01:27:10]} {[%emt 00:01:29]} 25. Rad1 {[%clk 00:28:40]} {[%emt
00:01:28]} Bf8 {[%clk 01:26:31]} {[%emt 00:01:09]} 26. c4 {[%clk 00:23:55]}
{[%emt 00:05:17]} d4 {[%clk 01:24:56]} {[%emt 00:02:04]} 27. c5 {[%clk
00:20:58]} {[%emt 00:03:28]} Rc6 {[%clk 01:22:43]} {[%emt 00:02:41]} 28. Ne4
{[%clk 00:17:06]} {[%emt 00:04:23]} Kg7 {[%clk 01:21:41]} {[%emt 00:01:30]} 29.
b4 {[%clk 00:16:54]} {[%emt 00:00:43]} Be6 {[%clk 01:21:25]} {[%emt 00:00:46]}
30. a3 {[%clk 00:13:27]} {[%emt 00:03:58]} b6 {[%clk 01:19:53]} {[%emt
00:02:01]} 31. b5 {[%clk 00:13:06]} {[%emt 00:00:51]} Bc4+ {[%clk 01:20:04]}
{[%emt 00:00:18]} 32. Bd3 {[%clk 00:13:23]} {[%emt 00:00:14]} Bxd3+ {[%clk
01:20:26]} {[%emt 00:00:08]} 33. Kxd3 {[%clk 00:13:45]} {[%emt 00:00:07]} Rc7
{[%clk 01:20:33]} {[%emt 00:00:22]} 34. c6 {[%clk 00:13:40]} {[%emt 00:00:37]}
Bxa3 {[%clk 01:20:51]} {[%emt 00:00:12]} 35. Ra1 {[%clk 00:13:19]} {[%emt
00:00:52]} Rf8 {[%clk 01:20:30]} {[%emt 00:00:51]} 36. Rh3 {[%clk 00:11:54]}
{[%emt 00:01:54]} Rcf7 {[%clk 01:19:46]} {[%emt 00:01:15]} 37. Rf1 {[%clk
00:11:45]} {[%emt 00:00:39]} Be7 {[%clk 01:17:35]} {[%emt 00:02:41]} 38. Nd2
{[%clk 00:10:46]} {[%emt 00:01:30]} Bc5 {[%clk 01:16:46]} {[%emt 00:01:18]} 39.
Nc4 {[%clk 00:10:08]} {[%emt 00:01:08]} Re7 {[%clk 01:15:24]} {[%emt 00:01:51]}
40. Re1 {[%clk 00:09:07]} {[%emt 00:01:33]} Rfe8 {[%clk 01:14:39]} {[%emt
00:01:13]} 41. Rh2 {[%clk 00:06:11]} {[%emt 00:03:27]} Re6 {[%clk 01:13:08]}
{[%emt 00:02:00]} 42. Rhe2 {[%clk 00:02:25]} {[%emt 00:04:17]} Bb4 {[%clk
01:12:07]} {[%emt 00:01:31]} 43. Rxe5 {[%clk 00:24:40]} {[%emt 00:08:14]} Bxe1
{[%clk 01:41:24]} {[%emt 00:01:13]} 44. Rxe6 {[%clk 00:24:53]} {[%emt
00:00:17]} Rxe6 {[%clk 01:41:42]} {[%emt 00:00:11]} 45. c7 {[%clk 00:25:17]}
{[%emt 00:00:08]} Re8 {[%clk 01:42:02]} {[%emt 00:00:08]} 46. Nd6 {[%clk
00:25:35]} {[%emt 00:00:13]} Rh8 {[%clk 01:42:06]} {[%emt 00:00:24]} 47. c8=Q
{[%clk 00:25:54]} {[%emt 00:00:13]} Rxc8 {[%clk 01:42:31]} {[%emt 00:00:05]}
48. Nxc8 {[%clk 00:26:17]} {[%emt 00:00:07]} Bb4 {[%clk 01:42:15]} {[%emt
00:00:43]} 49. Kxd4 {[%clk 00:26:14]} {[%emt 00:00:36]} Kf6 {[%clk 01:42:21]}
{[%emt 00:00:22]} 50. Nxa7 {[%clk 00:25:43]} {[%emt 00:01:03]} Kg5 {[%clk
01:42:35]} {[%emt 00:00:16]} 51. Nc6 {[%clk 00:23:41]} {[%emt 00:02:32]} Ba3
{[%clk 01:42:11]} {[%emt 00:00:54]} 52. Ke4 {[%clk 00:20:15]} {[%emt 00:03:57]}
Bd6 {[%clk 01:40:34]} {[%emt 00:02:06]} 53. Ne5 {[%clk 00:17:13]} {[%emt
00:03:33]} Bxe5 {[%clk 01:38:08]} {[%emt 00:02:55]} 54. Kxe5 {[%clk 00:17:27]}
{[%emt 00:00:16]} h5 {[%clk 01:38:32]} {[%emt 00:00:06]} 55. gxh5 {[%clk
00:16:30]} {[%emt 00:01:28]} gxh5 {[%clk 01:38:52]} {[%emt 00:00:10]} 56. f4
{[%clk 00:16:11]} {[%emt 00:00:49]} Kg4 {[%clk 01:37:32]} {[%emt 00:01:50]} 57.
f5 {[%clk 00:16:14]} {[%emt 00:00:27]} h4 {[%clk 01:37:52]} {[%emt 00:00:09]}
58. f6 {[%clk 00:16:30]} {[%emt 00:00:14]} h3 {[%clk 01:38:04]} {[%emt
00:00:18]} 59. f7 {[%clk 00:16:56]} {[%emt 00:00:05]} h2 {[%clk 01:37:52]}
{[%emt 00:00:08]} 60. f8=Q {[%clk 00:17:10]} {[%emt 00:01:49]} h1=Q {[%clk
01:37:44]} {[%emt 00:00:28]} 61. Qf4+ {[%clk 00:16:55]} {[%emt 00:00:43]} Kh3
{[%clk 01:37:34]} {[%emt 00:00:37]} 62. Qe3+ {[%clk 00:15:36]} {[%emt
00:01:53]} Kg2 {[%clk 01:37:25]} {[%emt 00:00:38]} 63. Qxb6 {[%clk 00:15:24]}
{[%emt 00:00:43]} Qh5+ {[%clk 01:37:32]} {[%emt 00:00:21]} 64. Kd6 {[%clk
00:15:39]} {[%emt 00:00:16]} Qg6+ {[%clk 01:37:36]} {[%emt 00:00:25]} 65. Kc7
{[%clk 00:16:00]} {[%emt 00:00:11]} Qg7+ {[%clk 01:37:48]} {[%emt 00:00:18]}
66. Kb8 {[%clk 00:15:57]} {[%emt 00:00:34]} Qg8+ {[%clk 01:37:54]} {[%emt
00:00:23]} 67. Ka7 {[%clk 00:16:18]} {[%emt 00:00:10]} Qa2+ {[%clk 01:38:10]}
{[%emt 00:00:13]} 68. Qa6 {[%clk 00:16:10]} {[%emt 00:00:38]} Qf2+ {[%clk
01:38:22]} {[%emt 00:00:17]} 69. b6 {[%clk 00:16:31]} {[%emt 00:00:10]} Kh2
{[%clk 01:38:08]} {[%emt 00:00:40]} 70. Qc8 {[%clk 00:15:50]} {[%emt 00:01:15]}
Qa2+ {[%clk 01:38:20]} {[%emt 00:00:17]} 71. Kb8 {[%clk 00:16:01]} {[%emt
00:00:21]} Qa1 {[%clk 01:37:51]} {[%emt 00:00:58]} 72. b7 {[%clk 00:16:20]}
{[%emt 00:00:11]} Qa6 {[%clk 01:37:52]} {[%emt 00:00:15]} 73. Qc7+ {[%clk
00:16:33]} {[%emt 00:00:32]} Kh1 {[%clk 01:37:57]} {[%emt 00:00:23]} 74. Kc8
{[%clk 00:16:40]} {[%emt 00:00:23]} Qe6+ {[%clk 01:38:12]} {[%emt 00:00:15]}
75. Qd7 {[%clk 00:15:58]} {[%emt 00:01:13]} Qc4+ {[%clk 01:38:03]} {[%emt
00:00:36]} 76. Kb8 {[%clk 00:15:10]} {[%emt 00:01:20]} Qf4+ {[%clk 01:38:16]}
{[%emt 00:00:17]} 77. Ka8 {[%clk 00:15:11]} {[%emt 00:00:30]} Qf3 {[%clk
01:38:07]} {[%emt 00:00:26]} 78. Qh7+ {[%clk 00:15:05]} {[%emt 00:00:49]} Kg1
{[%clk 01:38:01]} {[%emt 00:00:36]} 79. Qg6+ {[%clk 00:15:14]} {[%emt
00:00:21]} Kh1 {[%clk 01:37:57]} {[%emt 00:00:33]} 80. Qa6 {[%clk 00:15:25]}
{[%emt 00:00:19]} Qe4 {[%clk 01:37:41]} {[%emt 00:00:45]} 81. Ka7 {[%clk
00:15:37]} {[%emt 00:00:20]} Qe7 {[%clk 01:37:44]} {[%emt 00:00:16]} 82. Qc6+
{[%clk 00:15:29]} {[%emt 00:00:50]} Kg1 {[%clk 01:37:47]} {[%emt 00:00:24]} 83.
Qb5 {[%clk 00:13:47]} {[%emt 00:02:15]} Qa3+ {[%clk 01:37:45]} {[%emt
00:00:33]} 84. Qa6 {[%clk 00:13:34]} {[%emt 00:00:42]} Qe7 {[%clk 01:38:00]}
{[%emt 00:00:15]} 85. Qa5 {[%clk 00:11:58]} {[%emt 00:02:06]} Qf7 {[%clk
01:37:40]} {[%emt 00:00:49]} 86. Ka6 {[%clk 00:11:35]} {[%emt 00:00:55]} Qc4+
{[%clk 01:36:51]} {[%emt 00:01:18]} 87. Kb6 {[%clk 00:11:06]} {[%emt 00:01:00]}
Qe6+ {[%clk 01:36:49]} {[%emt 00:00:23]} 88. Ka7 {[%clk 00:10:33]} {[%emt
00:01:12]} 1/2-1/2

[Event "DVM U14 2023"]
[Site "Magdeburg GER"]
[Date "2023.12.28"]
[Round "3"]
[White "Uyar, Levin"]
[Black "Melestean, Maxim"]
[Result "1-0"]
[Termination "normal"]
[Board "8.1"]
[WhiteElo "1784"]
[BlackElo "1625"]
[WhiteClock "00:04:23"]
[BlackClock "00:12:08"]
[WhiteTeam "SC Untergrombach 46"]
[BlackTeam "SK König Plauen"]
[PlyCount "77"]
[WhiteFideId "16282108"]
[BlackFideId "16280393"]
[EventCountry "GER"]
[EventRounds "7"]
[EventType "team-swiss"]
[EventDate "2023.12.26"]

1. e4 {[%clk 01:30:58]} c5 {[%clk 01:30:56]} {[%emt 00:00:05]} 2. Nf3 {[%clk
01:31:23]} {[%emt 00:00:05]} d6 {[%clk 01:31:21]} {[%emt 00:00:05]} 3. d4
{[%clk 01:31:49]} {[%emt 00:00:04]} cxd4 {[%clk 01:31:49]} {[%emt 00:00:02]} 4.
Nxd4 {[%clk 01:32:12]} {[%emt 00:00:07]} Nf6 {[%clk 01:32:11]} {[%emt
00:00:08]} 5. Nc3 {[%clk 01:32:37]} {[%emt 00:00:04]} a6 {[%clk 01:32:37]}
{[%emt 00:00:05]} 6. Be3 {[%clk 01:32:30]} {[%emt 00:00:36]} e5 {[%clk
01:33:00]} {[%emt 00:00:07]} 7. Nb3 {[%clk 01:32:54]} {[%emt 00:00:05]} Be6
{[%clk 01:33:25]} {[%emt 00:00:05]} 8. f3 {[%clk 01:33:15]} {[%emt 00:00:09]}
h5 {[%clk 01:33:51]} {[%emt 00:00:04]} 9. Qd2 {[%clk 01:33:00]} {[%emt
00:00:45]} Nbd7 {[%clk 01:34:08]} {[%emt 00:00:14]} 10. Nd5 {[%clk 01:31:12]}
{[%emt 00:02:17]} Bxd5 {[%clk 01:34:30]} {[%emt 00:00:09]} 11. exd5 {[%clk
01:31:28]} {[%emt 00:00:14]} g6 {[%clk 01:34:48]} {[%emt 00:00:12]} 12. Be2
{[%clk 01:24:03]} {[%emt 00:07:54]} Bg7 {[%clk 01:33:42]} {[%emt 00:01:36]} 13.
O-O {[%clk 01:21:55]} {[%emt 00:02:38]} b6 {[%clk 01:29:54]} {[%emt 00:04:19]}
14. c4 {[%clk 01:03:39]} {[%emt 00:18:46]} O-O {[%clk 01:29:50]} {[%emt
00:00:35]} 15. Qc2 {[%clk 00:48:04]} {[%emt 00:16:04]} Rc8 {[%clk 01:28:19]}
{[%emt 00:02:01]} 16. Qd3 {[%clk 00:39:49]} {[%emt 00:08:46]} Re8 {[%clk
01:23:50]} {[%emt 00:04:59]} 17. Nd2 {[%clk 00:26:16]} {[%emt 00:14:02]} Nh7
{[%clk 01:15:13]} {[%emt 00:09:08]} 18. Ne4 {[%clk 00:25:17]} {[%emt 00:01:29]}
Qc7 {[%clk 01:15:07]} {[%emt 00:00:35]} 19. Qa3 {[%clk 00:25:07]} {[%emt
00:00:40]} Bf8 {[%clk 01:13:31]} {[%emt 00:02:07]} 20. b4 {[%clk 00:14:53]}
{[%emt 00:10:44]} f5 {[%clk 01:11:24]} {[%emt 00:02:36]} 21. Nd2 {[%clk
00:15:05]} {[%emt 00:00:17]} Ra8 {[%clk 01:09:21]} {[%emt 00:02:34]} 22. Qb3
{[%clk 00:14:38]} {[%emt 00:00:58]} Nhf6 {[%clk 01:06:47]} {[%emt 00:03:03]}
23. Rac1 {[%clk 00:12:38]} {[%emt 00:02:30]} Kh8 {[%clk 01:04:46]} {[%emt
00:02:32]} 24. Rfe1 {[%clk 00:11:42]} {[%emt 00:01:27]} Be7 {[%clk 00:51:54]}
{[%emt 00:13:22]} 25. f4 {[%clk 00:10:22]} {[%emt 00:01:50]} Ng4 {[%clk
00:47:11]} {[%emt 00:05:11]} 26. Bxg4 {[%clk 00:10:06]} {[%emt 00:00:47]} hxg4
{[%clk 00:47:32]} {[%emt 00:00:09]} 27. fxe5 {[%clk 00:09:58]} {[%emt
00:00:38]} Nxe5 {[%clk 00:47:30]} {[%emt 00:00:32]} 28. Qc3 {[%clk 00:09:43]}
{[%emt 00:00:44]} Bf6 {[%clk 00:46:29]} {[%emt 00:01:31]} 29. Bd4 {[%clk
00:09:07]} {[%emt 00:01:06]} Rac8 {[%clk 00:43:29]} {[%emt 00:03:30]} 30. Nb3
{[%clk 00:09:14]} {[%emt 00:00:23]} Qg7 {[%clk 00:40:59]} {[%emt 00:03:00]} 31.
Kh1 {[%clk 00:08:48]} {[%emt 00:00:56]} Qf7 {[%clk 00:24:17]} {[%emt 00:17:13]}
32. Qe3 {[%clk 00:07:32]} {[%emt 00:01:46]} Kh7 {[%clk 00:20:05]} {[%emt
00:04:42]} 33. Qg3 {[%clk 00:07:14]} {[%emt 00:00:49]} Bg5 {[%clk 00:17:16]}
{[%emt 00:03:19]} 34. Bxe5 {[%clk 00:06:48]} {[%emt 00:00:56]} Bxc1 {[%clk
00:16:45]} {[%emt 00:01:01]} 35. Bxd6 {[%clk 00:05:38]} {[%emt 00:01:40]} Bg5
{[%clk 00:15:03]} {[%emt 00:02:11]} 36. h4 {[%clk 00:05:08]} {[%emt 00:01:00]}
f4 {[%clk 00:14:55]} {[%emt 00:00:38]} 37. Rf1 {[%clk 00:04:14]} {[%emt
00:01:24]} Qf6 {[%clk 00:11:39]} {[%emt 00:03:47]} 38. hxg5 {[%clk 00:04:00]}
{[%emt 00:00:44]} fxg3 {[%clk 00:12:08]} {[%emt 00:00:02]} 39. gxf6 {[%clk
00:04:23]} {[%emt 00:00:08]} 1-0

[Event "DVM U14 2023"]
[Site "Magdeburg GER"]
[Date "2023.12.28"]
[Round "3"]
[White "Akladius, Kyrillus"]
[Black "Jung, Niklas"]
[Result "1-0"]
[Termination "normal"]
[Board "8.2"]
[WhiteElo "1342"]
[BlackElo "1477"]
[WhiteClock "00:11:20"]
[BlackClock "00:02:33"]
[WhiteTeam "SK König Plauen"]
[BlackTeam "SC Untergrombach 46"]
[PlyCount "126"]
[WhiteFideId "16267036"]
[BlackFideId "16280601"]
[EventCountry "GER"]
[EventRounds "7"]
[EventType "team-swiss"]
[EventDate "2023.12.26"]

1. e4 {[%emt 00:00:10]} c5 {[%clk 01:30:51]} 2. Nf3 {[%clk 01:31:26]} {[%emt
00:00:03]} Nc6 {[%clk 01:31:12]} {[%emt 00:00:08]} 3. d4 {[%clk 01:31:54]}
{[%emt 00:00:03]} cxd4 {[%clk 01:31:33]} {[%emt 00:00:09]} 4. Nxd4 {[%clk
01:32:21]} {[%emt 00:00:03]} e6 {[%clk 01:31:46]} {[%emt 00:00:17]} 5. Nc3
{[%emt 00:00:10]} a6 {[%clk 01:32:07]} {[%emt 00:00:08]} 6. Be3 {[%clk
01:32:30]} {[%emt 00:00:43]} Qc7 {[%clk 01:32:18]} {[%emt 00:00:19]} 7. Qd2
{[%clk 01:32:53]} {[%emt 00:00:07]} Nf6 {[%clk 01:31:12]} {[%emt 00:01:35]} 8.
f3 {[%clk 01:32:36]} {[%emt 00:00:48]} b5 {[%clk 01:28:52]} {[%emt 00:02:49]}
9. O-O-O {[%clk 01:30:25]} {[%emt 00:02:42]} Bb7 {[%clk 01:28:05]} {[%emt
00:01:17]} 10. Kb1 {[%clk 01:30:29]} {[%emt 00:00:26]} Rc8 {[%clk 01:27:06]}
{[%emt 00:01:27]} 11. g4 {[%clk 01:29:02]} {[%emt 00:01:58]} d6 {[%clk
01:12:00]} {[%emt 00:15:35]} 12. h4 {[%clk 01:24:56]} {[%emt 00:04:37]} Nd7
{[%clk 01:04:56]} {[%emt 00:07:32]} 13. h5 {[%clk 01:24:42]} {[%emt 00:00:46]}
Nde5 {[%clk 00:54:31]} {[%emt 00:10:54]} 14. Be2 {[%clk 01:13:13]} {[%emt
00:11:59]} Na5 {[%clk 00:47:13]} {[%emt 00:07:44]} 15. Bf2 {[%clk 00:36:28]}
{[%emt 00:37:20]} Nac4 {[%clk 00:44:46]} {[%emt 00:02:56]} 16. Bxc4 {[%clk
00:36:48]} {[%emt 00:00:10]} Nxc4 {[%clk 00:45:07]} {[%emt 00:00:09]} 17. Qd3
{[%clk 00:33:56]} {[%emt 00:03:23]} b4 {[%clk 00:40:14]} {[%emt 00:05:23]} 18.
Nce2 {[%clk 00:27:18]} {[%emt 00:07:08]} Qd7 {[%clk 00:30:18]} {[%emt
00:10:26]} 19. Nb3 {[%clk 00:20:07]} {[%emt 00:07:41]} Qc7 {[%clk 00:20:02]}
{[%emt 00:10:46]} 20. Nd2 {[%clk 00:16:28]} {[%emt 00:04:09]} Ne5 {[%clk
00:18:14]} {[%emt 00:02:15]} 21. Qb3 {[%clk 00:13:40]} {[%emt 00:03:21]} a5
{[%clk 00:17:39]} {[%emt 00:01:05]} 22. Rhg1 {[%clk 00:12:04]} {[%emt
00:02:06]} Bc6 {[%clk 00:14:25]} {[%emt 00:03:44]} 23. Nd4 {[%clk 00:09:52]}
{[%emt 00:02:43]} Bd7 {[%clk 00:13:34]} {[%emt 00:01:20]} 24. f4 {[%clk
00:09:22]} {[%emt 00:01:01]} a4 {[%clk 00:11:43]} {[%emt 00:02:21]} 25. Qe3
{[%clk 00:09:20]} {[%emt 00:00:32]} Nxg4 {[%clk 00:06:57]} {[%emt 00:05:15]}
26. Rxg4 {[%clk 00:06:27]} {[%emt 00:03:23]} e5 {[%clk 00:07:18]} {[%emt
00:00:08]} 27. Rgg1 {[%clk 00:06:21]} {[%emt 00:00:36]} exd4 {[%clk 00:07:35]}
{[%emt 00:00:13]} 28. Qd3 {[%clk 00:06:48]} {[%emt 00:00:03]} a3 {[%clk
00:04:11]} {[%emt 00:03:54]} 29. Bxd4 {[%clk 00:05:56]} {[%emt 00:01:22]} axb2
{[%clk 00:03:16]} {[%emt 00:01:25]} 30. Kxb2 {[%clk 00:05:48]} {[%emt
00:00:38]} Ra8 {[%clk 00:03:14]} {[%emt 00:00:32]} 31. Qc4 {[%clk 00:06:07]}
{[%emt 00:00:12]} Qa5 {[%clk 00:03:05]} {[%emt 00:00:38]} 32. f5 {[%clk
00:06:12]} {[%emt 00:00:26]} Qa3+ {[%clk 00:01:36]} {[%emt 00:01:58]} 33. Kb1
{[%clk 00:06:26]} {[%emt 00:00:16]} d5 {[%clk 00:00:40]} {[%emt 00:01:26]} 34.
Qxd5 {[%clk 00:05:21]} {[%emt 00:01:34]} Ra5 {[%clk 00:00:34]} {[%emt
00:00:34]} 35. Qb3 {[%clk 00:05:26]} {[%emt 00:00:28]} Ba4 {[%clk 00:00:38]}
{[%emt 00:00:25]} 36. Qxa3 {[%clk 00:05:34]} {[%emt 00:00:22]} bxa3 {[%clk
00:01:01]} {[%emt 00:00:06]} 37. Bxg7 {[%clk 00:05:45]} {[%emt 00:00:19]} Rb5+
{[%clk 00:00:38]} {[%emt 00:00:54]} 38. Nb3 {[%clk 00:06:10]} {[%emt 00:00:05]}
Bxg7 {[%clk 00:00:43]} {[%emt 00:00:24]} 39. Rxg7 {[%clk 00:06:37]} {[%emt
00:00:04]} Bxb3 {[%clk 00:00:49]} {[%emt 00:00:24]} 40. cxb3 {[%clk 00:07:03]}
{[%emt 00:00:04]} Ke7 {[%clk 00:01:02]} {[%emt 00:00:17]} 41. Rd5 {[%clk
00:07:23]} {[%emt 00:00:10]} Rb4 {[%clk 00:01:15]} {[%emt 00:00:17]} 42. e5
{[%clk 00:06:20]} {[%emt 00:01:33]} Rf4 {[%clk 00:00:49]} {[%emt 00:00:43]} 43.
e6 {[%clk 00:06:37]} {[%emt 00:00:25]} Rc8 {[%clk 00:00:46]} {[%emt 00:00:33]}
44. Rxf7+ {[%clk 00:06:54]} {[%emt 00:00:14]} Ke8 {[%clk 00:01:09]} {[%emt
00:00:08]} 45. Rd1 {[%clk 00:07:03]} {[%emt 00:00:21]} Rf2 {[%clk 00:01:01]}
{[%emt 00:00:35]} 46. Rxh7 {[%clk 00:06:33]} {[%emt 00:01:02]} Rb2+ {[%clk
00:00:38]} {[%emt 00:00:52]} 47. Ka1 {[%clk 00:06:59]} {[%emt 00:00:04]} Rbc2
{[%clk 00:00:54]} {[%emt 00:00:14]} 48. Rh8+ {[%clk 00:07:20]} {[%emt
00:00:09]} Ke7 {[%clk 00:01:22]} {[%emt 00:00:02]} 49. Rxc8 {[%clk 00:07:46]}
{[%emt 00:00:05]} Rxc8 {[%clk 00:01:29]} {[%emt 00:00:22]} 50. Rd7+ {[%clk
00:07:47]} {[%emt 00:00:29]} Kf6 {[%clk 00:01:12]} {[%emt 00:00:48]} 51. Rf7+
{[%clk 00:08:06]} {[%emt 00:00:11]} Kg5 {[%clk 00:00:59]} {[%emt 00:00:42]} 52.
Kb1 {[%clk 00:08:22]} {[%emt 00:00:15]} Kf4 {[%clk 00:00:37]} {[%emt 00:00:52]}
53. e7 {[%clk 00:08:38]} {[%emt 00:00:14]} Rg8 {[%clk 00:00:35]} {[%emt
00:00:31]} 54. Rf8 {[%clk 00:08:34]} {[%emt 00:00:34]} Rg1+ {[%clk 00:01:00]}
{[%emt 00:00:05]} 55. Kc2 {[%clk 00:09:02]} {[%emt 00:00:03]} Rg2+ {[%clk
00:01:25]} {[%emt 00:00:05]} 56. Kc3 {[%clk 00:09:27]} {[%emt 00:00:05]} Rxa2
{[%clk 00:01:33]} {[%emt 00:00:22]} 57. e8=Q {[%clk 00:09:50]} {[%emt
00:00:05]} Ra1 {[%clk 00:01:56]} {[%emt 00:00:09]} 58. Qb8+ {[%clk 00:09:43]}
{[%emt 00:00:37]} Kf3 {[%clk 00:02:16]} {[%emt 00:00:10]} 59. Qb7 {[%clk
00:09:57]} {[%emt 00:00:15]} Kf4 {[%clk 00:02:32]} {[%emt 00:00:13]} 60. Qb4+
{[%clk 00:10:20]} {[%emt 00:00:07]} Kf3 {[%clk 00:02:48]} {[%emt 00:00:14]} 61.
Ra8 {[%clk 00:10:29]} {[%emt 00:00:22]} a2 {[%clk 00:02:28]} {[%emt 00:00:51]}
62. Kb2 {[%clk 00:10:54]} {[%emt 00:00:05]} Rb1+ {[%clk 00:02:43]} {[%emt
00:00:15]} 63. Kxa2 {[%clk 00:11:20]} {[%emt 00:00:04]} Ke4 {[%clk 00:02:33]}
{[%emt 00:00:16]} 1-0

[Event "DVM U14 2023"]
[Site "Magdeburg GER"]
[Date "2023.12.28"]
[Round "3"]
[White "Wettstein, Levin"]
[Black "Rühmer, Nico"]
[Result "1-0"]
[Termination "normal"]
[Board "8.3"]
[WhiteElo "1310"]
[BlackElo "1595"]
[WhiteClock "00:53:24"]
[BlackClock "00:40:56"]
[WhiteTeam "SC Untergrombach 46"]
[BlackTeam "SK König Plauen"]
[PlyCount "49"]
[WhiteFideId "34635866"]
[BlackFideId "34640339"]
[EventCountry "GER"]
[EventRounds "7"]
[EventType "team-swiss"]
[EventDate "2023.12.26"]

1. e4 {[%clk 01:30:58]} {[%emt 00:00:01]} c5 {[%clk 01:30:56]} {[%emt
00:00:05]} 2. Nc3 {[%clk 01:31:21]} {[%emt 00:00:08]} Nc6 {[%clk 01:31:20]}
{[%emt 00:00:06]} 3. Nf3 {[%clk 01:31:44]} {[%emt 00:00:06]} d6 {[%clk
01:31:44]} {[%emt 00:00:05]} 4. d4 {[%clk 01:32:07]} {[%emt 00:00:07]} cxd4
{[%clk 01:32:11]} {[%emt 00:00:04]} 5. Nxd4 {[%clk 01:32:29]} {[%emt 00:00:08]}
Nf6 {[%clk 01:32:31]} {[%emt 00:00:10]} 6. Bb5 {[%clk 01:32:40]} {[%emt
00:00:19]} Bd7 {[%clk 01:32:51]} {[%emt 00:00:09]} 7. Bg5 {[%clk 01:32:55]}
{[%emt 00:00:14]} e6 {[%clk 01:32:06]} {[%emt 00:01:17]} 8. Qd3 {[%clk
01:33:05]} {[%emt 00:00:19]} Be7 {[%clk 01:23:53]} {[%emt 00:08:44]} 9. O-O-O
{[%clk 01:33:18]} {[%emt 00:00:16]} Qc7 {[%clk 01:14:06]} {[%emt 00:10:18]} 10.
f4 {[%clk 01:28:00]} {[%emt 00:05:46]} Ng4 {[%clk 00:58:02]} {[%emt 00:16:35]}
11. Qd2 {[%clk 01:10:13]} {[%emt 00:18:15]} Bxg5 {[%clk 00:44:05]} {[%emt
00:14:29]} 12. fxg5 {[%clk 01:10:12]} {[%emt 00:00:31]} Nxd4 {[%clk 00:44:09]}
{[%emt 00:00:25]} 13. Bxd7+ {[%clk 01:10:20]} {[%emt 00:00:24]} Kxd7 {[%clk
00:41:03]} {[%emt 00:03:35]} 14. Qxd4 {[%clk 01:10:29]} {[%emt 00:00:20]} a6
{[%clk 00:40:44]} {[%emt 00:00:49]} 15. e5 {[%clk 01:10:01]} {[%emt 00:00:59]}
Nxe5 {[%clk 00:40:41]} {[%emt 00:00:33]} 16. Qxe5 {[%clk 01:10:21]} {[%emt
00:00:10]} Rhg8 {[%clk 00:40:17]} {[%emt 00:00:55]} 17. Rhf1 {[%clk 01:05:58]}
{[%emt 00:04:52]} Ke7 {[%clk 00:40:23]} {[%emt 00:00:25]} 18. Qf4 {[%clk
01:05:57]} {[%emt 00:00:31]} Rgf8 {[%clk 00:40:43]} {[%emt 00:00:11]} 19. Ne4
{[%clk 01:04:06]} {[%emt 00:02:19]} e5 {[%clk 00:40:55]} {[%emt 00:00:19]} 20.
Qd2 {[%clk 01:03:43]} {[%emt 00:00:50]} Rfd8 {[%clk 00:41:15]} {[%emt
00:00:13]} 21. Qd5 {[%clk 01:03:30]} {[%emt 00:00:41]} Kf8 {[%clk 00:41:00]}
{[%emt 00:00:48]} 22. Rd2 {[%clk 01:01:23]} {[%emt 00:02:37]} Rac8 {[%clk
00:41:08]} {[%emt 00:00:21]} 23. Rdf2 {[%clk 00:58:00]} {[%emt 00:03:53]} Rd7
{[%clk 00:41:31]} {[%emt 00:00:08]} 24. Nxd6 {[%clk 00:55:20]} {[%emt
00:03:09]} Qc4 {[%clk 00:40:56]} {[%emt 00:01:05]} 25. Qxc4 {[%clk 00:53:24]}
{[%emt 00:02:27]} 1-0